000 00489nam a22001697a 4500
005 20251108175046.0
008 250721s2012 xx 000 0 ara d
082 1 4 _a811.06/صما
100 1 _aالصمادي، عدنان مصطفى
245 1 0 _aألفية الصمادي في القصص القرآني /
264 1 _aعمان :
_bالمؤلف،
_c2012.
300 _a129ص.
650 1 7 _aالشعر العربي
650 1 7 _aالاردن
942 _2ddc
_cBK
999 _c125137
_d125137